Pays les plus proches de l'île Sainte-Hélène A-Z - Statistiques

Statistiques générales
  • Ce quiz a été pris 19 fois
  • Le résultat moyen est 20 sur 24
Statistiques - réponses
Lettre Pays % Correct
I Italie
100%
F France
94%
B Botswana
88%
G Guinée Équatoriale
88%
K Kenya
88%
R République Démocratique du Congo
88%
U Uruguay
88%
Y Yémen
88%
Z Zambie
88%
A Angola
81%
D Djibouti
81%
E Eswatini
81%
J Jamaïque
81%
L Liberia
81%
N Namibie
81%
O Ouganda
81%
Q Qatar
81%
M Mali
75%
S Sao Tomé et Principe
75%
T Togo
75%
V Vatican
75%
C Côte d'Ivoire
69%
H Haïti
69%
P Paraguay
56%
Aucun quiz correspondant
Distribution des résultats
% des personnes avec chaque résultat
Percentile par nombre de réponses
Votre historique - résultats
Vous n’avez pas pris ce quiz